Több ezer egyetemista tüntetett országszerte az MSZP-SZDSZ-kormány intézkedései ellen. Csak a gazdag tanulhasson

Elmentve itt :
Bibliográfiai részletek
Dokumentumtípus: Cikk
Megjelent: 1995-03-23
Sorozat:Délmagyarország 85 No. 69
Kulcsszavak:egyetemi hallgatók, tüntetés, 1995, Tüntetés, egyetemi hallgatók, 1995
Online Access:http://dmarchiv.bibl.u-szeged.hu/79302
LEADER 00552nab a2200145 i 4500
001 delm79302
005 20191014100045.0
008 191014s1995 hu o 0|| hun d
040 |a SZTE Délmagyarország Archívum  |b hun 
041 |a hun 
245 0 0 |a Több ezer egyetemista tüntetett országszerte az MSZP-SZDSZ-kormány intézkedései ellen. Csak a gazdag tanulhasson  |h [elektronikus dokumentum] 
260 |c 1995-03-23 
300 |a 1, 8 
490 0 |a Délmagyarország  |v 85 No. 69 
695 |a egyetemi hallgatók, tüntetés, 1995, Tüntetés, egyetemi hallgatók, 1995